000 00935nam a2200265Ia 4500
003 OSt
005 20220923211457.0
006 a|||||r|||| 00| 0
007 ta
008 Pun
020 _a9789351122395 (hbk)
_c500
024 _a327,925
037 _b1014, 25/01/2018, H.K. Prakashan
_cTextual
040 _aARTS
_cARTS
_bPun
041 _2Pun
_aPun
082 _aQ8441:21:g(P), 153Q7.8
100 _aਚੀਮਾ, ਬਲਦੇਵ ਸਿੰਘ, ਂਚ.
245 0 _aਗੁਰਬਾਣੀ ਦਾ ਸਰਬਾਂਗੀ ਵਿਆਕਰਨ
260 _aਲੁਧਿਆਨਾ
_b ਚੇਤਨਾ ਪ੍ਰਕਾFਨ
_c2017
300 _a285ਪ੍ਰ0
_ccm.
650 _a ਗੁਰਬਾਣੀ
650 _aਸਿੱਖ ਧਰਮ
_9156314
942 _hQ8441:21:g(P), 153Q7.8
_cTEXL
_2CC
999 _c299925
_d299925